| 000 | 00773nam a2200265Ia 4500 | ||
|---|---|---|---|
| 001 | 884 | ||
| 003 | GE_BSU | ||
| 008 | 181216s||||||||xx |||||||||||||| ||und|| | ||
| 020 | _a522209023Х | ||
| 040 | _cGE_BSU | ||
| 080 | _a159.9 | ||
| 100 | _aЕжова,Н.Н. | ||
| 245 | _aРабочая книга практического психолога | ||
| 245 | _bСерия "Психологический практикум | ||
| 250 | _a4-е изд. | ||
| 260 | _aРостов на Дону | ||
| 260 | _bФеникс | ||
| 260 | _c2006 | ||
| 300 | _a315л. | ||
| 541 | _h8л. | ||
| 653 | _aПсихология | ||
| 653 | _aРабочая книга практического психолога | ||
| 653 | _aფსიქოლოგია | ||
| 942 | _cBK | ||
| 999 |
_c35044 _d35044 |
||